Normal view
MARC view
Entry Personal Name
001 - CONTROL NUMBER
- control field: 1236132
003 - CONTROL NUMBER IDENTIFIER
- control field: OSt
005 - DATE AND TIME OF LATEST TRANSACTION
- control field: 20260430150005.0
008 - FIXED-LENGTH DATA ELEMENTS
- fixed length control field: 260430|| aca||aabn | a|a d
040 ## - CATALOGING SOURCE
- Original cataloging agency: OSt
- Transcribing agency: OSt
100 ## - HEADING--PERSONAL NAME
- Personal name: University of Delhi. Delhi school of Economics. Sociology
670 ## - SOURCE DATA FOUND
- Source citation: Work cat.: (OSt)1848672: Machutmi W S Au.; Aphun Kamei Gu. 1236131, Tribes and notion of Land: Changes in agrarian structure and social relation amongst the tangkhul nagas, 2021
